000
00318nam a2200133Ia 4500
100
_a
Syal/I.C./ Goel/A.K.
942
_c
BK
654
_a
Reinforced Concrete Structures
245
_a
Reinforced Concrete Structures
260
_b
A.H.Wheelar & Co
_a
Allahabad
_c
1988
300
_a
635
546
_a
ENGLISH
999
_c
18764
_d
18764